ბათუმის შოთა რუსთაველის სახელმწიფო უნივერსიტეტის ბიბლიოთეკა

სამყარო ვითარცა ნება და წარმოდგენა ტ. 1 = Die Welt als Wille und Vorsrellung / (ბიბ.ჩანაწერი № 55041)

000 -ლიდერი
ფიქსირებული სიგრძის საკონტროლო ველი 01779nam a2200313Ia 4500
001 - საკონტროლო ნომერი
საკონტროლო ველი 22116
003 - საკონტროლო ნომრის იდენტიფიკატორი
საკონტროლო ველი GE_BSU
005 - ბოლო ოპერაციის თარიღი და დრო
საკონტროლო ველი 20221031155432.0
008 - ფიქსირებული სიგრძის მონაცემთა ელემენტები - ზოგადი ინფორმაცია
ფიქსირებული სიგრძის საკონტროლო ველი 181216s2016||||ge |||||||||||||| ||geo||
020 ## - წიგნის საერთაშორისო სტანდარტული ნომერი
International Standard Book Number 9789941091186
040 ## - კატალოგიზაციის წყარო
Transcribing agency GE_BSU
041 ## - ენის კოდი
Language code of text/sound track or separate title geo
080 ## - უნივერსალური ათობითი კლასიფიკაციის ინდექსი
Universal Decimal Classification number 1(430)+165 შ-81
100 ## - მთავარი ჩანაწერი - პიროვნების სახელი
Personal name შოპენჰაუერი, არტურ
9 (RLIN) 13971
245 ## - ცნობა სათაურის შესახებ
Title სამყარო ვითარცა ნება და წარმოდგენა ტ. 1 = Die Welt als Wille und Vorsrellung /
Statement of responsibility, etc არტურ შოპენჰაუერი ; გამომც. ალექსანდრე ალადაშვილი ; გერმანულიდან თარგმნა და შესავალი დაურთო ვიქტორ რცხილაძემ ; მხატვარი ვასილ ნასიბოვი.
264 ## - წარმოების, გამოცემის, დისტრიბუციის და სხვა ცნობები
გამოცემის, წარმოების, დისტრიბუციის... ადგილი თბილისი :
გამოცემის, წარმოების, დისტრიბუციის... სახელწოდება Carpe diem,
გამოცემის, წარმოების, დისტრიბუციის... თარიღი 2016.
300 ## - ფიზიკური აღწერა
Extent 560 გვ. ;
Dimensions 25 სმ.
546 ## - LANGUAGE NOTE
Language note დამატებითი სატიტულო გვერდი გერმანულ ენაზე
653 ## - INDEX TERM--UNCONTROLLED
Uncontrolled term გერმანული ფილოსოფია
653 ## - INDEX TERM--UNCONTROLLED
Uncontrolled term სამყარო
653 ## - INDEX TERM--UNCONTROLLED
Uncontrolled term შემეცნება
653 ## - INDEX TERM--UNCONTROLLED
Uncontrolled term სამყარო ვითარცა ნება და წარმოდგენა ტ. 1
653 ## - INDEX TERM--UNCONTROLLED
Uncontrolled term ფილოსოფია
700 ## - ADDED ENTRY--PERSONAL NAME
Personal name ალადაშვილი, ალექსანდრე
Relator term გამომცემელი
9 (RLIN) 224
700 ## - ADDED ENTRY--PERSONAL NAME
Personal name რცხილაძე, ვიქტორ
Relator term თარგმანი
9 (RLIN) 14022
700 ## - ADDED ENTRY--PERSONAL NAME
Personal name ნასიბოვი, ვასილ
Relator term მხატვარი
9 (RLIN) 15672
942 ## - ADDED ENTRY ELEMENTS (KOHA)
Koha item type წიგნი
Source of classification or shelving scheme
ეგზემპლარები
ჩამოწერის სტატუსი დაკარგული ეგზემპლარის სტატუსი კლასიფიკაციის წყარო ან თაროზე გაწყობის სქემა დაზიანების სტატუსი არ გაიცემა მუდმივი მდებარეობა (დაცვის ადგილი) ამჟამინდელი ადგილსამყოფელი თაროზე განთავსების ადგილი შეძენის თარიღი ღირებულება, შესყიდვის ნორმალური ფასი სრული შენახვის შიფრი შტრიხკოდი ბოლო ოპერაციის თარიღი ეგზემპლარის მიმდევრობითი ნომერი (კეტერი?) ფასის ძალაში შესვლის თარიღი ეგზემპლარის სახეობა საჯარო შენიშვნა
          ბათუმის შოთა რუსთაველის სახელმწიფო უნივერსიტეტის მთავარი ბიბლიოთეკა ბათუმის შოთა რუსთაველის სახელმწიფო უნივერსიტეტის მთავარი ბიბლიოთეკა წიგნსაცავი 2018-12-17 23.00 1(430)+165 შ-81 57049 2018-12-17 57049 2018-12-17 წიგნი 23.00 ₾.